LC Gupta's Manual of First Aid: (Record no. 1883)

MARC details
000 -LEADER
Fixed length control field 00748nam a2200229Ia 4500
003 - CONTROL NUMBER IDENTIFIER
Control field IIN
005 - DATE AND TIME OF LATEST TRANSACTION
Control field 20251127111331.0
008 - FIXED-LENGTH DATA ELEMENTS--GENERAL INFORMATION
Fixed length control field 251127s9999 xx 000 0 und d
020 ## - INTERNATIONAL STANDARD BOOK NUMBER / ISBN
Price Rs. 395.00
International Standard Book Number 9789356961807
040 ## - CATALOGING SOURCE
Original cataloging agency IIN
082 ## - DEWEY DECIMAL CLASSIFICATION NUMBER
Classification number 616.0252
Book Number ROY
245 1# - TITLE STATEMENT
Title LC Gupta's Manual of First Aid:
Sub title Management of General Injuries, Sports Injuries and Common Ailments
Statement of responsibility edited by Jitika Royal and Abhitabh Gupta
250 ## - EDITION STATEMENT
Edition statement 2nd ed
260 ## - IMPRINT
Name of publisher Jaypee
Place of publication New Delhi
Date of publication 2024
300 ## - PHYSICAL DESCRIPTION
Page / Vol. No 418 p.
Other physical details col. ill.; Paperback
500 ## - GENERAL NOTE
General note Includes Index
650 1# - SUBJECT ADDED ENTRY--TOPICAL TERM
Topical term First aid
Form subdivision General Injuries
650 1# - SUBJECT ADDED ENTRY--TOPICAL TERM
Topical term First aid in illness and injury
Form subdivision Study and teaching
700 1# - ADDED ENTRY--PERSONAL NAME
Personal name Royal, Jitika (ed)
700 1# - ADDED ENTRY--PERSONAL NAME
Personal name Gupta, Abhitabh (ed)
942 ## - ADDED ENTRY ELEMENTS (KOHA)
Koha item type Books
Holdings
Withdrawn status Lost status Source of classification Damaged status Not for loan Collection code Home library Current library Shelving location Date acquired Total Checkouts Call number Accession number Date last seen Price effective from Koha item type
    Dewey Decimal Classification     Purches Book IDEAL INSTITUTE OF NURSING IDEAL INSTITUTE OF NURSING General Stacks 11/04/2025   616.0252 ROY 1853 27/11/2025 27/11/2025 Books
© Ideal Institute Of Nursing, All rights reserved.         Powered by Koha